| 000 | 00455nam a2200205Ia 4500 | ||
|---|---|---|---|
| 008 | 210210b1951 xxu||||| |||| 00| 0 eng d | ||
| 041 | _aeng | ||
| 082 | _a822/284 | ||
| 100 | _aCHURCHILL (W S) | ||
| 245 | _aSecond world war Vol IV | ||
| 260 |
_aLondon _bCassell and Company Ltd _c1951 |
||
| 440 | _aIV | ||
| 650 | _aworld | ||
| 650 | _awar | ||
| 650 | _aVol | ||
| 650 | _aSecond | ||
| 650 | _aIV | ||
| 690 | _aEnglish Prose | ||
| 906 | _a012470 | ||
| 999 |
_c131271 _d131271 |
||